01065 2200205 4500001002100000005001500021035002000036008004100056245003700097100001200134250000600146260003800152300001200190084001400202082000800216650001000224520060100234990001200835990001200847INLIS00000000000131920240520112240 a0010-0524000554240520 1 ind 1 aPokoknya, Cuma Kamu ! /cAuni FA aAuni FA a1 aYogyakarta :bSheila/ Andi,c2019 a172 hlm a813 AUN p a813 4aFiksi aNovel ini merupakan cerita romance yang juga disertai dengan nuansa humor yang ringan dan mudah untuk dibaca. Tokoh utamanya adalah seorang anak laki-laki bernama Puput yang sedang dekat dengan seorang artis, bernama Dyta Bestari, tapi sebenarnya juga sedang mencari cara untuk memperbaiki hubungannya dengan Mita, pacarnya yang sedang marahan dengannya. Bagaimana kisah mereka selanjutnya? Yuk, simak hingga akhir kisah mereka hanya di novel Pokoknya, Cuma Kamu! Selamat membaca dan nikmatilah kekonyolan Puput dan teman-temannya di setiap lembar novel ini, dengan penuh sukacita dan canda tawa! a0741480 a0741481